000
00347 a2200157 4500
001
154555
040
_c
Escola São Tomás de Aquino
100
_a
DURAN, Ednilce
240
1
0
_a
Crescer com alegria e fé
_l
por
245
1
0
_a
Crescer com alegria e fé
300
_a
99
362
0
_a
2012
440
1
_a
FTD
697
_a
RELIGIÃO
942
_c
BK
999
_c
154555
_d
154555